[Event "Extremadura-chT"]
[Site "Spain"]
[Date "2008.01.19"]
[Round "1.2"]
[White "Macias Rodriguez, Francisco"]
[Black "Guerrero Vacas, Jose Carlos"]
[Result "1-0"]
[WhiteElo "2028"]
[BlackElo "1774"]
[PlyCount "59"]
[EventDate "2008.01.19"]
[EventType "team-swiss"]
[EventRounds "9"]
[EventCountry "ESP"]
[SourceTitle "EXT 2011"]
[Source "ChessBase"]
[SourceDate "2010.11.26"]
[SourceVersion "1"]
[SourceVersionDate "2010.11.26"]
[SourceQuality "1"]
[WhiteTeam "Almendralejo"]
[BlackTeam "Lasker"]
[WhiteTeamCountry "ESP"]
[BlackTeamCountry "ESP"]

1. d4 d5 2. Nf3 Nf6 3. c4 e6 4. Nc3 Be7 5. Bf4 dxc4 6. e3 Nc6 7. Bxc4 0-0 8. 0-0 b6 9. a3 Bb7 10. b4 a6 11. Rc1 h6 12. d5 exd5 13. Nxd5 Bd6 14. Qb3 Na7 15. Rfd1 Bxf4 16. exf4 Nxd5 17. Bxd5 Bxd5 18. Rxd5 Qf6 19. g3 c6 20. Rd7 Rfd8 21. Rcd1 Rxd7 22. Rxd7 Nb5 23. Ne5 Nd6 24. Qd3 Rd8 25. Rxd8+ Qxd8 26. Nxc6 Qf6 27. Ne5 Qe6 28. Qxa6 f6 29. Qa8+ Kh7 30. Nf3 1-0